<?xml version="1.0" encoding="UTF-8"?>
<record
    xmlns:xsi="http://www.w3.org/2001/XMLSchema-instance"
    xsi:schemaLocation="http://www.loc.gov/MARC21/slim http://www.loc.gov/standards/marcxml/schema/MARC21slim.xsd"
    xmlns="http://www.loc.gov/MARC21/slim">

  <leader>00891nam a22001697a 4500</leader>
  <controlfield tag="003">OSt</controlfield>
  <controlfield tag="005">20240220115858.0</controlfield>
  <controlfield tag="008">240220s2008    ag ||||| |||| 00| 0 spa d</controlfield>
  <datafield tag="020" ind1=" " ind2=" ">
    <subfield code="a">9789508602145</subfield>
  </datafield>
  <datafield tag="040" ind1=" " ind2=" ">
    <subfield code="c">besoc</subfield>
  </datafield>
  <datafield tag="100" ind1=" " ind2=" ">
    <subfield code="a">Colombres, Adolfo</subfield>
    <subfield code="e">autor</subfield>
  </datafield>
  <datafield tag="245" ind1=" " ind2=" ">
    <subfield code="a">La Respiraci&#xF3;n De La Tierra</subfield>
    <subfield code="b">Antolog&#xED;a Personal </subfield>
  </datafield>
  <datafield tag="260" ind1=" " ind2=" ">
    <subfield code="a">Buenos Aires:</subfield>
    <subfield code="b">Desde La Gente</subfield>
  </datafield>
  <datafield tag="300" ind1=" " ind2=" ">
    <subfield code="a">108 p.</subfield>
  </datafield>
  <datafield tag="505" ind1=" " ind2=" ">
    <subfield code="a">Adolfo Colombres-La muerte del capit&#xE1;n-La luz de los ciegos-De como el abuelo Dami&#xE1;n perdi&#xF3; la oreja izquierda y encontr&#xF3; la eternidad-Romance del compilador y el bandido-Territorio final-Los testigos-Las grietas del tiempo-Karai el h&#xE9;roe- La muchacha que se enveneno por amor-Lejos del para&#xED;so-La gitana y el navegante-Sacrificio-El desierto-Bajo los pesados torbellinos de polvo-Una aldea blanca en la arena-Ana vuelve bajo la lluvia-Todo lo consume el tiempo.</subfield>
  </datafield>
  <datafield tag="942" ind1=" " ind2=" ">
    <subfield code="2">udc</subfield>
    <subfield code="c">LPD</subfield>
    <subfield code="n">0</subfield>
  </datafield>
  <datafield tag="999" ind1=" " ind2=" ">
    <subfield code="c">197</subfield>
    <subfield code="d">197</subfield>
  </datafield>
</record>
